000
00353nam a2200133Ia 4500
008
100328s9999 xx 000 0 und d
082
_b
53509
100
_a
जोशी मृणालिनी
245
_a
मुक्ताई
260
_b
केसरी
630
_a
मुक्ताई
730
_a
मुक्ताई
942
_c
BOOK
999
_c
540255
_d
540252